000 00382nam a2200145Ia 4500
008 211109s9999||||xx |||||||||||||| ||und||
082 _a824
_bBUR-A
100 _aBurton, Robert
245 0 _aANATOMY OF MELANCHOLY
260 _bUnknown Publisher
_aNo Place
_c2000
300 _a505p
630 _xGeneral Stack
650 _aEnglish Litertaure
_vEnglish Essays
_xEnglish
942 _cBOOK
999 _c426
_d426